| 000 | 00634cam a2200205 4500500 | ||
|---|---|---|---|
| 005 | 20260405002303.0 | ||
| 041 | _afre | ||
| 042 | _adc | ||
| 100 | 1 | 0 |
_aPortevin, Catherine _eauthor |
| 245 | 0 | 0 | _aPendant que j’y pense / octobre 2016 |
| 260 | _c2016. | ||
| 500 | _a11 | ||
| 690 | _aCéline Minard | ||
| 690 | _aJean-Claude Milner | ||
| 690 | _aMichel Serres | ||
| 690 | _aPeter Sloterdijk | ||
| 690 | _aPhilippe Forest | ||
| 786 | 0 | _nPhilosophie magazine | 103 | 10 | 2016-10-01 | p. 62-62 | 1951-1787 | |
| 856 | 4 | 1 | _uhttps://shs.cairn.info/magazine-philosophie-magazine-2016-10-page-62?lang=fr&redirect-ssocas=7080 |
| 999 |
_c2056261 _d2056261 |
||